00648nam a2200193 a 450000100060000000300080000600500170001400800410003103500190007204000270009104100080011808200250012624501390015126000430029030000260033365000370035970000220039671000360041856820BD-RjUL20211209080433.0760109s1934 enk b 000 0 eng  a(BD-RjUL)56944 aDLCcVDBdBD-RjULbeng aeng 223a261.26bINS 193400aIn spirit and in truth :baspects of Judaism and Christianity /cEdited by George A. Yates, with a foreword by the Dean of Canterbury. aLondon :bHodder and Stoughton,c1934. axix, 335 p. ;c22 cm. 0aChristianity and other religions aYates, George A. 2 aSociety of Jews and Christians.